Countries Which Share Catholic Dioceses - Statistics

General Stats
  • This quiz has been taken 120 times
  • The average score is 18 of 21
Answer Stats
Diocese Country % Correct
Latin Patriarchate of Jerusalem Israel
99%
Latin Patriarchate of Jerusalem Jordan
96%
Diocese of San Marino-Montefeltro Italy
95%
Diocese of Rome Italy
95%
Diocese of Tarawa and Nauru Nauru
95%
Diocese of Rome Vatican City
95%
Diocese of Darjeeling India
93%
Diocese of San Marino-Montefeltro San Marino
93%
Archdiocese of Colombo Sri Lanka
90%
Archdiocese of Split-Makarska Croatia
85%
Archdiocese of Colombo Maldives
82%
Diocese of Tarawa and Nauru Kiribati
81%
Diocese of Darjeeling Bhutan
79%
Archdiocese of Split-Makarska Montenegro
79%
Diocese of Caroline Islands Palau
72%
Diocese of Urgell Spain
72%
Diocese of Urgell Andorra
71%
Diocese of Saint John's–Basseterre Antigua and Barbuda
71%
Latin Patriarchate of Jerusalem Cyprus
71%
Diocese of Caroline Islands Micronesia
71%
Diocese of Saint John's–Basseterre Saint Kitts and Nevis
71%
No matching quizzes found
Score Distribution
Percent of People with Each Score
Percentile by Number Answered
Your Score History
You have not taken this quiz